All 2019 Disney Films - Statistics

General Stats
  • This quiz has been taken 64 times
    63 since last reset
  • The average score is 7 of 14
Answer Stats
Answer % Correct
Aladdin
79%
Frozen II
79%
The Lion King
71%
Dumbo
63%
Toy Story 4
63%
Maleficent: Mistress of Evil
53%
Avengers: Endgame
50%
Captain Marvel
47%
Lady and the Tramp
47%
The Rise of Skywalker
32%
Spider-Man: Far From Home
29%
Noelle
26%
Penguins
24%
Togo
18%
No matching quizzes found
Score Distribution
Percent of People with Each Score
Percentile by Number Answered
Your Score History
You have not taken this quiz since the last reset